El agua en la ciudad de México y el factor de fragmentación política /

Збережено в:
Бібліографічні деталі
Автор: Kloster, Karina
Інші автори: Alba, Felipe de
Формат: Текст
Предмети:
Теги: Додати тег
Немає тегів, Будьте першим, хто поставить тег для цього запису!

MARC

LEADER 00000 a a2200000 04500
001 12425
003
040
100 |a Kloster, Karina  
245 |a El agua en la ciudad de México y el factor de fragmentación política /  |c Karina Kloster ; Felipe de Alba 
650 |a ESCASEZ DE AGUA  
650 |a CONFLICTOS SOCIALES  
650 |a ESTADO  
650 |a ESTUDIOS DE CASOS  
650 |a MEXICO  
700 |a Alba, Felipe de  
773 |g volumen 14, número 29; páginas 137-159  
999 |c 38197  |d 38197